000 00803nam a22001577a 4500
999 _c59589
_d59589
005 20230320165757.0
008 230320c2020 ge ||||| |||| 00| 0 geo d
022 _a1512-0481
041 _ageo
245 _aსაქართველოს უზენაესი სასამართლოს გადაწყვეტილებანი /
_bსამოქალაქო საქმეებზე : [ყოველთვიური]. ვალდებულებითი სამართალი.
260 _aთბილისი,
_c2000-
300 _av.
653 _aსაქართველოს უზენაესი სასამართლოს გადაწყვეტილებანი
653 _aპერიოდიკა
942 _2udc
_cCR